2025中国足球 有降级历史的俱乐部 - Statistics

General Stats
  • This quiz has been taken 14 times
  • The average score is 6 of 9
Answer Stats
降级次数 现属级别 俱乐部名称 (2024) % Correct
1 中甲 南通支云足球俱乐部
100%
3 中超 青岛海牛足球俱乐部
93%
3 中超 河南足球俱乐部
86%
1 中超 浙江职业足球俱乐部
86%
1 中超 长春亚泰足球俱乐部
79%
2 中乙 江西庐山足球俱乐部
50%
2 中乙 北京理工足球俱乐部
43%
1 中乙 无锡吴钩足球俱乐部
43%
1 中超 天津津门虎足球俱乐部
21%
No matching quizzes found
Score Distribution
Percent of People with Each Score
Percentile by Number Answered
Your Score History
You have not taken this quiz